00619nam a2200145Ia 4500008004100000020001800041100001900059245005000078260003900128650013800167650001200305856004400317999001900361952009300380171212s9999 xx 000 0 und d a9780874211979 aGould, William cGould, WilliamaMy Life On Mountain Railroads bUniversity Press of Coloradoc1995 aGould, William John Gilbert, 1888–1961; Mountain railroads -- Utah -- History; Mountain railroads -- Utah -- Employees -- Biography aHistory uhttp://www.jstor.org/stable/j.ctt46nx2h c353118d353118 001040aCLbCLd2017-12-12l0oHE4071.U49G68 1995r2017-12-12 00:00:00w2017-12-12yCBE